Solución de controversias en los TLC: (Registro nro. 11507)
[ vista simple ]
| 000 -LEADER | |
|---|---|
| fixed length control field | 01576nam a2200265Ia 4500 |
| 003 - CONTROL NUMBER IDENTIFIER | |
| control field | OSt |
| 005 - DATE AND TIME OF LATEST TRANSACTION | |
| control field | 20210416105532.0 |
| 008 - FIXED-LENGTH DATA ELEMENTS--GENERAL INFORMATION | |
| fixed length control field | 210310s2014 ck gr 000 0dspa d |
| 020 ## - INTERNATIONAL STANDARD BOOK NUMBER | |
| International Standard Book Number | 9789587721317 |
| 040 ## - CATALOGING SOURCE | |
| Original cataloging agency | CO-JMCR |
| Transcribing agency | CO-JMCR |
| 041 0# - LANGUAGE CODE | |
| Language code of text/sound track or separate title | spa |
| 082 04 - DEWEY DECIMAL CLASSIFICATION NUMBER | |
| Classification number | 382.9861 / |
| Item number | T649s |
| Edition number | 23 |
| 100 1# - MAIN ENTRY--PERSONAL NAME | |
| Personal name | Tole Martínez, Julián, |
| Relator term | autor |
| 9 (RLIN) | 25710 |
| 245 10 - TITLE STATEMENT | |
| Title | Solución de controversias en los TLC: |
| Remainder of title | aportes del derecho de la OMC |
| Statement of responsibility, etc. | José Julián Tole Martínez |
| 250 ## - EDITION STATEMENT | |
| Edition statement | Primera edición |
| 260 ## - PUBLICATION, DISTRIBUTION, ETC. | |
| Place of publication, distribution, etc. | Bogotá : |
| Name of publisher, distributor, etc. | Universidad Externado de Colombia, |
| Date of publication, distribution, etc. | 2014. |
| 300 ## - PHYSICAL DESCRIPTION | |
| Extent | 417 páginas ; |
| Dimensions | 24 cm. |
| 500 ## - GENERAL NOTE | |
| General note | Datos biográficos del autor en solapa frontal. |
| 504 ## - BIBLIOGRAPHY, ETC. NOTE | |
| Bibliography, etc. note | Bibliografía : páginas 371-406. |
| 505 0# - FORMATTED CONTENTS NOTE | |
| Formatted contents note | Elementos que configuran las controversias en la OMC y en los TLC de Estados Unidos y de la Unión Europea con países latinoamericano. -- Del GATT a la OMC: aspectos esenciales del sistema de solución de diferencia. -- El "modelo" de solución de controversias en los TLC entre los Estados Unidos y algunos países latinoamericanos. -- El "modelo" de solución de controversias en los TLC entre la Unión Europea y algunos países latinoamericanos. |
| 520 0# - SUMMARY, ETC. | |
| Summary, etc. | La inserción de los Estados en el comercio internacional e hace particularmente notarial con la proliferación de acuerdos internacionales cuya morfología varía desde aquellos que regulan las zonas de libre comercio. |
| 650 14 - SUBJECT ADDED ENTRY--TOPICAL TERM | |
| Topical term or geographic name entry element | Tratados de libre comercio. |
| Geographic subdivision | Colombia |
| 9 (RLIN) | 36912 |
| 650 24 - SUBJECT ADDED ENTRY--TOPICAL TERM | |
| Topical term or geographic name entry element | Tratados de libre comercio |
| Geographic subdivision | Colombia |
| -- | Latinoamérica |
| 9 (RLIN) | 36913 |
| 942 ## - ADDED ENTRY ELEMENTS (KOHA) | |
| Source of classification or shelving scheme | Dewey Decimal Classification |
| Koha item type | Books |
| Withdrawn status | Lost status | Source of classification or shelving scheme | Damaged status | Not for loan | Home library | Current library | Shelving location | Date acquired | Source of acquisition | Full call number | Barcode | Date last seen | Copy number | Price effective from | Koha item type |
|---|---|---|---|---|---|---|---|---|---|---|---|---|---|---|---|
| Dewey Decimal Classification | Biblioteca Pública José María del Castillo y Rada | Biblioteca Pública José María del Castillo y Rada | General Stacks | 04/15/2018 | Donación | 382.9861 / T649s | 430010923 | 05/16/2024 | Ej.1 | 03/10/2021 | Books |